000 00376nam a22001337a 4500
020 _a0-398-03726-4
082 _a616.0757 BAR'S
100 _aBARON, J. P,LYMAN, R. C
_974925
245 _aA STUDY GUIDE FOR RADIO LOGIC TECHNOLOGISTS
260 _aUSA
_bCHARLES C. THOMAS
_c1978
300 _a540P
650 _aRADIOLOGY MEDICAL RADIOGRAPHY MEDICAL
_974926
942 _cBK
_2ddc
999 _c580426
_d580426